| 000 | 00374nam a2200133Ia 4500 | ||
|---|---|---|---|
| 008 | 170516s9999 xx 000 0 und d | ||
| 245 | _aMethodology for Quantitative Rapid Multi-Tracer PET Tumor Characterizations | ||
| 260 | _bTheranostics | ||
| 260 | _c2013 | ||
| 300 | _a3:10 | ||
| 650 | _xMedical Technology | ||
| 650 | _xMedtech | ||
| 856 | _uhttp://www.thno.org/v3i10 | ||
| 999 |
_c330470 _d330470 |
||